| 000 | 00343nam a22001337a 4500 | ||
|---|---|---|---|
| 008 | 250307b |||||||| |||| 00| 0 eng d | ||
| 050 |
_aQD505 _b.A67 |
||
| 100 | _aCornils B | ||
| 245 | _aApplied Homogeneous Catalysis With Organometallic Compound | ||
| 250 | _a3rd | ||
| 260 |
_aWeinheim _bWiley-VCH _c2018 |
||
| 300 | _aXXIX,409P | ||
| 942 | _cBK | ||
| 999 |
_c2144 _d2144 |
||